000 01033cam a2200265 4500
001 L135764
002 16377
008 061208n2006 000 0 eng u
020 _a0717662098
035 _a(Sirsi) u135764
041 0 _aeng
050 0 4 _a549.66 $2 18
110 1 _aGreat Britain
_bHealth and Safety Commission
245 0 4 _aThe management of asbestos in non-domestic premises
_bRegulation 4 of the Control of Asbestos Regulations 2006
260 _aLondon
_bHSE Books
_c2006
300 _aiv, 27p.
_c30cm.
350 _a9.95
520 _aExplains the status of Approved Codes of Practice, and the legal requirements involved in managing asbestos. Discusses the responsibilities of landlords and leaseholders, and how the presence of asbestos affects changes in occupation.
590 _aKA
650 2 4 _aCONTROL OF ASBESTOS REGULATIONS 2006 REG 4
650 2 4 _aAPPROVED CODE OF PRACTICE 127
651 4 _aGREAT BRITAIN
690 _aMANAGEMENT-HEALTH AND SAFETY-HAZARDOUS SUBSTANCES-ASBESTOS
942 _n0
999 _c106197
_d106197